000
00247nam a22001097a 4500
082
_a
900
100
_a
Pal, B. K.
_9
79966
245
_a
Great Army Award Winners
260
_a
Delhi
_b
Diamond Creation
_c
2016
650
_a
History
_9
79968
942
_c
BK
999
_c
63498
_d
63498